LaLiga Teams - 2024/25 - Statistics

General Stats
  • This quiz has been taken 1,222 times
  • The average score is 14 of 20
Answer Stats
TEAMS % Correct
Real Madrid
100%
FC Barcelona
99%
Atletico Madrid
96%
Athletic Club
87%
Real Betis
84%
Sevilla FC
82%
Valencia CF
79%
Girona FC
77%
Real Sociedad
75%
Villareal CF
74%
Getafe CF
63%
RCD Mallorca
60%
RC Celta de Vigo
59%
RCD Espanyol
59%
UD Las Palmas
58%
Rayo Vallecano
56%
Real Valladolid CF
56%
CA Osasuna
53%
Deportivo Alaves
51%
CD Leganes
47%
No matching quizzes found
Score Distribution
Percent of People with Each Score
Percentile by Number Answered
Your Score History
You have not taken this quiz